Дело о земских собраниях

Доступно только в Электронных читальных залах Найти на картеНа карте
RUSMARC
00003668nmc2a22000003x 450
001b2c221f6-8b64-425a-8bf5-e631a915fc81
00520200305223122.0
100##$a20180907l18661866k l0rusy0189 ca
1010#$arus
102##$aRU
251##$cДело
300##$aДело
801#0$aRU
$bРГИА
$c20180907
$gRCR
801#1$aRU
$bГлавНИВЦ
$c20180907
$2rusmarc
801#2$aRU
$bПБ им. Б.Н. Ельцина
$c20200305
$gRCR
$2rusmarc
850##$aРГИА
852##$aРГИА
$eФедеральное казенное учреждение "Российский государственный исторический архив" (РГИА)
$j1133
937##$hРГИА
$d12293079
$aASBIBLIO_SCAN
462#0$1001d8f9f7d4-b5a2-42ce-9901-502471366df6
$12001
$aДела Департамента полиции исполнительной МВД за 1866 год
$1251
$cОпись
$1852
$j27
$l1866 г.
461#0$10013e300ed0-cd39-49af-8489-5ba5b90fa401
$12001
$aДепартамент полиции исполнительной МВД
$1251
$cФонд
$1852
$j1286
2001#$aДело о земских собраниях
$j14 января - 12 марта 1866 г.
$hЧасть 1
215##$a624 л.
$d36,5х26 см
371##$aДокумент не является опубликованным и широко распространяемым
105##$ay###
1222#$ad
035##$ab2c221f6-8b64-425a-8bf5-e631a915fc81
856##$uhttp://readingroom.main.prlib.ru/item.aspx?id_node=n143140855&mode=full
Формат отображения